The concept of a Riemann surface /
Guardado en:
| Autor Principal: | |
|---|---|
| Formato: | Libro |
| Idioma: | English German |
| Publicado: |
Reading, Mass. :
Addison-Wesley,
c1964.
|
| Edición: | 3rd ed. |
| Series: | Adiwes international series in mathematics
|
| Etiquetas: |
Agregar Etiqueta
Sin Etiquetas, Sea el primero en etiquetar este registro!
|
| LEADER | 00803nam a22002175a 4500 | ||
|---|---|---|---|
| 001 | MAT.inmabb003072 | ||
| 008 | 051024s1964####mau######b####001#0#eng#d | ||
| 005 | 20130308094257.0 | ||
| 245 | 1 | 4 | |a The concept of a Riemann surface / |c by Hermann Weyl ; translated from the German by Gerald R. MacLane. |
| 250 | |a 3rd ed. | ||
| 260 | |a Reading, Mass. : |b Addison-Wesley, |c c1964. | ||
| 300 | |a x, 191 p. ; |c 24 cm. | ||
| 440 | 0 | |a Adiwes international series in mathematics | |
| 500 | |a Traducción de: Die Idee der Riemannschen Fläche. 3. Aufl. 1955. | ||
| 504 | |a Incluye referencias bibliográficas. | ||
| 510 | 4 | |a MR, |c 29 #3628 | |
| 100 | 1 | |a Weyl, Hermann, |d 1885-1955. | |
| 240 | 1 | 0 | |a Idee der Riemannschen Fläche. |l Inglés |
| 084 | |a 30Fxx |2 msc2000 | ||
| 041 | 1 | |a eng |h ger | |
| 859 | |h 30 |i W548 |p A-4417 |b BIB. MATEMATICA | ||
